| 000 | 01007cab a2200289 4500 | ||
|---|---|---|---|
| 001 | ABS54224 | ||
| 008 | 090401t1995 xxu||||| |||| 00| 0 eng d | ||
| 035 | _a(Sirsi) u9109 | ||
| 041 | _aeng | ||
| 100 | _aLovell, R. | ||
| 245 | _aEstimated realisation price : what do the banks want and what can be realistically be provided? | ||
| 260 | _c1995 | ||
| 350 | _a0 | ||
| 490 |
_aJournal of Property Finance _v6(4) 1995, 7-16(10) |
||
| 520 | _aDiscusses the definitions of Estimated Realisation Price (ERP) and Estimated Restricted Realisation Price (ERRP) as they appear in the New Red Book and how they can be used by the financial institutions. | ||
| 650 | _aBANKS | ||
| 650 | _aESTIMATED REALISATION PRICE | ||
| 650 | _aESTIMATED RESTRICTED REALISATION PRICE | ||
| 650 | _aFINANCIAL INSTITUTIONS | ||
| 650 | _aNEW RED BOOK | ||
| 650 | _aOPEN MARKET VALUE | ||
| 650 | _aVALUATION PRACTICE | ||
| 690 | _aRATING AND VALUATION | ||
| 700 | _aFrench, N. | ||
| 942 | _n0 | ||
| 948 | _c04/03/1997 | ||
| 999 |
_c5646 _d5646 |
||